[Event "Catalunya-chT Gp1 final"]
[Site "Barcelona"]
[Date "2016.03.12"]
[Round "1.3"]
[White "Garriga Cazorla, Pere"]
[Black "Granados Gomez, Manuel"]
[Result "0-1"]
[WhiteElo "2394"]
[BlackElo "2382"]
[PlyCount "108"]
[EventDate "2016.03.12"]
[EventType "team-tourn"]
[EventRounds "4"]
[EventCountry "ESP"]
[SourceTitle "CBM 171 Extra"]
[Source "ChessBase"]
[SourceDate "2016.04.26"]
[SourceVersion "1"]
[SourceVersionDate "2016.04.26"]
[SourceQuality "1"]
[WhiteTeam "Mollet"]
[BlackTeam "Foment Martinenc"]
[WhiteTeamCountry "ESP"]
[BlackTeamCountry "ESP"]

1. d4 d5 2. c4 c6 3. Nf3 Nf6 4. Nc3 dxc4 5. a4 Bf5 6. e3 e6 7. Bxc4 Bb4 8. 0-0 0-0 9. Nh4 Bg6 10. Nxg6 hxg6 11. Qb3 Qe7 12. Rd1 Rd8 13. a5 c5 14. d5 Bxc3 15. dxe6 Rxd1+ 16. Qxd1 Bb4 17. exf7+ Kh8 18. Qf3 Nc6 19. a6 Ne5 20. Qh3+ Nh7 21. Bd5 Rd8 22. axb7 Qxf7 23. e4 Qxb7 24. Bg5 Rxd5 25. exd5 Qxd5 26. Be3 Kg8 27. Qc8+ Nf8 28. h3 a5 29. Rc1 Nc4 30. Bg5 Nxb2 31. Be7 Qf5 32. Qb8 Nd3 33. Rc2 Ne5 34. Re2 Ned7 35. Qb5 g5 36. Re3 Ng6 37. Bxg5 Kh7 38. Bd8 Nde5 39. Qe2 Nf4 40. Qd1 Neg6 41. Bc7 c4 42. h4 c3 43. h5 Qxh5 44. Qc2 Kg8 45. Re8+ Kf7 46. Re4 Qg5 47. g3 Nd5 48. Qe2 Nxc7 49. Qc4+ Nd5 50. Qb5 Nge7 51. Rf4+ Qxf4 52. gxf4 c2 53. Qc4 Bc3 54. Qf1 Bd2 0-1

[Event "Catalunya-chT Gp1"]
[Site "Barcelona"]
[Date "2016.03.05"]
[Round "7.3"]
[White "Garcia Jimenez, Francisco Javier"]
[Black "Granados Gomez, Manuel"]
[Result "0-1"]
[WhiteElo "2276"]
[BlackElo "2382"]
[PlyCount "110"]
[EventDate "2016.01.23"]
[EventType "team-tourn"]
[EventRounds "7"]
[EventCountry "ESP"]
[SourceTitle "EXT 2017"]
[Source "ChessBase"]
[SourceDate "2016.10.25"]
[SourceVersion "1"]
[SourceVersionDate "2016.10.25"]
[SourceQuality "1"]
[WhiteTeam "Barcelona Unio Graciencia"]
[BlackTeam "Foment Martinenc"]
[WhiteTeamCountry "ESP"]
[BlackTeamCountry "ESP"]

1. e4 e5 2. Nf3 Nc6 3. d4 exd4 4. Nxd4 Nf6 5. Nxc6 bxc6 6. Qd4 Qe7 7. Nc3 Qb4 8. Be3 Qxb2 9. Rb1 Qa3 10. Bc4 Ng4 11. Bf4 Qc5 12. Qxc5 Bxc5 13. h3 Bxf2+ 14. Ke2 Bd4 15. Kd3 Bxc3 16. Kxc3 Nf6 17. Rhe1 0-0 18. Bxc7 d5 19. Bd3 dxe4 20. Bxe4 Be6 21. a3 Bd5 22. Bd3 Bxg2 23. Be5 Nd5+ 24. Kd2 f6 25. Bg3 Rfe8 26. Rg1 Be4 27. Bc4 Kh8 28. Bxd5 cxd5 29. Rb7 d4 30. Rb4 Rac8 31. Rc1 Rc3 32. Rb3 Rec8 33. Rxc3 Rxc3 34. Bf2 Rxh3 35. Bxd4 Rxa3 36. Re1 Bg6 37. Re7 Ra2 38. Rxa7 Rxc2+ 39. Ke3 h5 40. Kf3 Rc6 41. Bb2 Kh7 42. Ba3 Rc3+ 43. Kf2 Be4 44. Bf8 Rf3+ 45. Ke2 Rg3 46. Kf2 Rg4 47. Bb4 h4 48. Ke3 Rg3+ 49. Kf4 Bd5 50. Be1 Rf3+ 51. Kg4 Kh6 52. Ra6 g5 53. Bd2 Kg6 54. Bxg5 Rg3+ 55. Kxh4 Rxg5 0-1

[Event "Catalunya-chT Gp1"]
[Site "Barcelona"]
[Date "2016.02.20"]
[Round "5.4"]
[White "Perez Lopez, Julio"]
[Black "Granados Gomez, Manuel"]
[Result "0-1"]
[WhiteElo "2197"]
[BlackElo "2382"]
[PlyCount "54"]
[EventDate "2016.01.23"]
[EventType "team-tourn"]
[EventRounds "7"]
[EventCountry "ESP"]
[SourceTitle "EXT 2017"]
[Source "ChessBase"]
[SourceDate "2016.10.25"]
[SourceVersion "1"]
[SourceVersionDate "2016.10.25"]
[SourceQuality "1"]
[WhiteTeam "Catalunya"]
[BlackTeam "Foment Martinenc"]
[WhiteTeamCountry "ESP"]
[BlackTeamCountry "ESP"]

1. e4 e5 2. Nf3 Nc6 3. Bb5 Nf6 4. d3 d6 5. c3 Bd7 6. 0-0 g6 7. Bg5 Bg7 8. Nbd2 h6 9. Bh4 g5 10. Bg3 Qe7 11. d4 Nh7 12. dxe5 dxe5 13. Nc4 0-0-0 14. Ne3 h5 15. Nd5 Qc5 16. Qe2 h4 17. Bxc6 bxc6 18. b4 Qd6 19. Rfd1 cxd5 20. Rxd5 Qb6 21. Bxe5 Bxe5 22. Nxe5 Be6 23. Rb5 Rd2 24. Qxd2 Qxb5 25. Nf3 Rd8 26. Nd4 Qc4 27. Qe3 Nf6 0-1

[Event "Catalunya-chT GpB final"]
[Site "Barcelona"]
[Date "2015.04.11"]
[Round "10.2"]
[White "Garriga Cazorla, Pere"]
[Black "Granados Gomez, Manuel"]
[Result "1-0"]
[WhiteElo "2391"]
[BlackElo "2388"]
[PlyCount "81"]
[EventDate "2015.03.14"]
[EventType "team-tourn"]
[EventRounds "11"]
[EventCountry "ESP"]
[SourceTitle "EXT 2016"]
[Source "ChessBase"]
[SourceDate "2015.10.08"]
[SourceVersion "1"]
[SourceVersionDate "2015.10.08"]
[SourceQuality "1"]
[WhiteTeam "Mollet"]
[BlackTeam "Foment Martinenc"]
[WhiteTeamCountry "ESP"]
[BlackTeamCountry "ESP"]

1. d4 Nf6 2. c4 c5 3. Nf3 cxd4 4. Nxd4 b6 5. Nc3 Bb7 6. Bg5 Ne4 7. Nxe4 Bxe4 8. Nb5 d6 9. Nc3 Bb7 10. e4 h6 11. Be3 Nc6 12. Be2 g6 13. 0-0 Bg7 14. Qd2 Rc8 15. Rac1 Ne5 16. b3 Nd7 17. f3 Kf8 18. Rfd1 Kg8 19. f4 Bxc3 20. Qxc3 Bxe4 21. Bd4 Rh7 22. Qe3 f5 23. Bd3 Nc5 24. Bxc5 bxc5 25. Bxe4 fxe4 26. Qxe4 Rg7 27. Qe6+ Kh7 28. Rc3 Qg8 29. Qe2 Qf7 30. g3 a5 31. Re3 a4 32. Rf1 axb3 33. axb3 Ra8 34. g4 Qf6 35. Kg2 Ra7 36. Rh3 Qf8 37. g5 Qa8+ 38. Kg1 h5 39. f5 Qe8 40. f6 Rf7 41. Qe4 1-0

[Event "Catalunya-chT Gp1"]
[Site "Barcelona"]
[Date "2015.02.21"]
[Round "5.4"]
[White "Granados Gomez, Manuel"]
[Black "Lillo Castany, Victor"]
[Result "1/2-1/2"]
[WhiteElo "2388"]
[BlackElo "2340"]
[PlyCount "48"]
[EventDate "2015.01.24"]
[EventType "team-tourn"]
[EventRounds "7"]
[EventCountry "ESP"]
[SourceTitle "EXT 2016"]
[Source "ChessBase"]
[SourceDate "2015.10.08"]
[SourceVersion "1"]
[SourceVersionDate "2015.10.08"]
[SourceQuality "1"]
[WhiteTeam "Foment Martinenc"]
[BlackTeam "Figueres"]
[WhiteTeamCountry "ESP"]
[BlackTeamCountry "ESP"]

1. e4 e5 2. Nf3 Nc6 3. Bc4 Nf6 4. d3 Bc5 5. 0-0 a6 6. c3 d6 7. h3 Ba7 8. Bb3 h6 9. Re1 0-0 10. d4 Re8 11. dxe5 dxe5 12. Qxd8 Nxd8 13. Nbd2 b5 14. Nf1 Bb7 15. Ng3 Nc6 16. Bc2 Rad8 17. Be3 Bxe3 18. Rxe3 Na5 19. b3 c5 20. Ree1 Nc6 21. Rad1 g6 22. Rxd8 Rxd8 23. Re3 Rd1+ 24. Bxd1 Kf8 1/2-1/2

[Event "Catalunya-chT Gp1"]
[Site "Barcelona"]
[Date "2015.02.07"]
[Round "3.3"]
[White "Granados Gomez, Manuel"]
[Black "Matnadze, Ana"]
[Result "1/2-1/2"]
[WhiteElo "2388"]
[BlackElo "2395"]
[PlyCount "107"]
[EventDate "2015.01.24"]
[EventType "team-tourn"]
[EventRounds "7"]
[EventCountry "ESP"]
[SourceTitle "CBM 164 Extra"]
[Source "ChessBase"]
[SourceDate "2015.03.02"]
[SourceVersion "1"]
[SourceVersionDate "2015.03.02"]
[SourceQuality "1"]
[WhiteTeam "Foment Martinenc"]
[BlackTeam "Peona I Peo"]
[WhiteTeamCountry "ESP"]
[BlackTeamCountry "ESP"]

1. c4 Nf6 2. Nc3 e6 3. e3 b6 4. Nf3 Bb7 5. Be2 c5 6. 0-0 Be7 7. b3 0-0 8. Bb2 d6 9. d4 cxd4 10. Nxd4 a6 11. Bf3 Qc7 12. Bxb7 Qxb7 13. Qf3 Qxf3 14. Nxf3 Nbd7 15. Rfd1 Rfd8 16. Ba3 Nc5 17. Bxc5 bxc5 18. Rd3 Ne8 19. Rad1 Rdb8 20. e4 f6 21. h4 Nc7 22. Ne1 Kf7 23. f4 h5 24. e5 dxe5 25. fxe5 Rd8 26. Rxd8 Rxd8 27. Rxd8 Bxd8 28. Ne4 Kg6 29. Nd3 fxe5 30. g3 Be7 31. Kg2 Kf5 32. Kf3 Nd5 33. Ndxc5 Nb4 34. Nb7 Nxa2 35. Nbd6+ Bxd6 36. Nxd6+ Kf6 37. c5 Nb4 38. Ke4 Nc6 39. Kd3 Ke7 40. Ke4 Kf6 41. Ne8+ Kf7 42. Nc7 a5 43. Nb5 Kf6 44. Nd6 Nd4 45. Nc4 Nxb3 46. c6 Nc5+ 47. Ke3 Ke7 48. Nxa5 Kd6 49. Kf3 Na6 50. Ke4 Nc5+ 51. Kf3 Na6 52. Ke4 Nc5+ 53. Kf3 Na6 54. Ke4 1/2-1/2

[Event "Catalunya-chT"]
[Site "Catalunya"]
[Date "2014.02.01"]
[Round "2.1"]
[White "Vidarte Morales, Arturo"]
[Black "Granados Gomez, Manuel"]
[Result "1-0"]
[WhiteElo "2320"]
[BlackElo "2388"]
[PlyCount "111"]
[EventDate "2014.01.25"]
[EventType "team"]
[EventRounds "11"]
[EventCountry "ESP"]
[SourceTitle "CBM 158 Extra"]
[Source "ChessBase"]
[SourceDate "2014.02.28"]
[SourceVersion "1"]
[SourceVersionDate "2014.02.28"]
[SourceQuality "1"]
[WhiteTeam "Montcada"]
[BlackTeam "Foment Martinenc"]
[WhiteTeamCountry "ESP"]
[BlackTeamCountry "ESP"]

1. e4 e5 2. Nf3 Nc6 3. Bb5 Nf6 4. d3 d6 5. c3 g6 6. 0-0 Bg7 7. Re1 0-0 8. h3 Bd7 9. Nbd2 Na5 10. Bxd7 Nxd7 11. b4 Nc6 12. Nc4 Nb6 13. Ne3 a5 14. b5 Nb8 15. a4 N8d7 16. Ba3 Kh8 17. c4 f5 18. Rc1 f4 19. Nd5 Nxd5 20. cxd5 Rf7 21. Bb2 Nb6 22. d4 Qe7 23. Qb3 Bf6 24. dxe5 dxe5 25. Ba3 Qe8 26. d6 cxd6 27. Bxd6 Rg7 28. Bc7 Nd7 29. Red1 g5 30. Qd5 h5 31. Qxb7 g4 32. Rxd7 Rxd7 33. Qc6 Bg7 34. hxg4 hxg4 35. Ng5 Rc8 36. Qe6 Qxe6 37. Nxe6 Re7 38. b6 Rxe6 39. b7 Rce8 40. Bxa5 Bf8 41. Bc7 Bd6 42. Bxd6 Rxd6 43. Rc8 Rdd8 44. Rxd8 Rxd8 45. a5 g3 46. fxg3 fxg3 47. Kf1 Rd1+ 48. Ke2 Rb1 49. a6 Kg7 50. a7 Rxb7 51. a8Q Rf7 52. Ke3 Rf2 53. Qe8 Rxg2 54. Qxe5+ Kf7 55. Kf3 Rg1 56. Qd4 1-0

[Event "Catalunya-chT Honor"]
[Site "Catalunya"]
[Date "2013.02.23"]
[Round "6.3"]
[White "Cruz, Cristhian"]
[Black "Granados Gomez, Manuel"]
[Result "1/2-1/2"]
[WhiteElo "2505"]
[BlackElo "2386"]
[PlyCount "87"]
[EventDate "2013.01.19"]
[EventType "team-tourn"]
[EventRounds "11"]
[EventCountry "ESP"]
[SourceTitle "EXT 2014"]
[Source "ChessBase"]
[SourceDate "2013.11.20"]
[SourceVersion "1"]
[SourceVersionDate "2013.11.20"]
[SourceQuality "1"]
[WhiteTeam "Barcelona Escola Escacs"]
[BlackTeam "Foment Martinenc"]
[WhiteTeamCountry "ESP"]
[BlackTeamCountry "ESP"]

1. Nf3 d5 2. e3 Nf6 3. c4 e6 4. d4 Be7 5. Nc3 0-0 6. Bd3 b6 7. 0-0 Bb7 8. Qe2 Nbd7 9. Rd1 Ne4 10. Bd2 f5 11. Rac1 a6 12. a3 Bd6 13. b4 c6 14. Be1 b5 15. c5 Bc7 16. a4 Nxc3 17. Bxc3 Qe7 18. Ra1 e5 19. dxe5 Nxe5 20. Nxe5 Bxe5 21. Qb2 Bxc3 22. Qxc3 g6 23. g3 Rac8 24. Bf1 Rc7 25. Rd4 Bc8 26. Bg2 Be6 27. Bf3 Qg7 28. axb5 axb5 29. Ra6 g5 30. Qd2 Qe5 31. Bd1 f4 32. exf4 gxf4 33. Rxf4 Rxf4 34. Qxf4 Qxf4 35. gxf4 Bh3 36. Ra3 Rg7+ 37. Rg3 Bf5 38. Rxg7+ Kxg7 39. Bh5 Kf6 40. f3 Bg6 41. Bg4 Bf5 42. Bh5 Bg6 43. Bg4 Bf5 44. Bh5 1/2-1/2

[Event "Catalunya-chT Honor"]
[Site "Catalunya"]
[Date "2013.01.26"]
[Round "2.3"]
[White "Dominguez Pons, Eric"]
[Black "Granados Gomez, Manuel"]
[Result "1/2-1/2"]
[WhiteElo "2302"]
[BlackElo "2386"]
[PlyCount "75"]
[EventDate "2013.01.19"]
[EventType "team-tourn"]
[EventRounds "11"]
[EventCountry "ESP"]
[SourceTitle "CBM 152 Extra"]
[Source "ChessBase"]
[SourceDate "2013.02.25"]
[SourceVersion "1"]
[SourceVersionDate "2013.02.25"]
[SourceQuality "1"]
[WhiteTeam "Sant Andreu"]
[BlackTeam "Foment Martinenc"]
[WhiteTeamCountry "ESP"]
[BlackTeamCountry "ESP"]

1. d4 d5 2. c4 c6 3. Nc3 dxc4 4. e4 b5 5. a4 e5 6. Nf3 exd4 7. Qxd4 Qxd4 8. Nxd4 b4 9. Nd1 Ba6 10. Ne3 Nf6 11. f3 Bc5 12. Ndc2 b3 13. Na3 c3 14. Nec4 c2 15. Nd2 Bb4 16. Nac4 0-0 17. Kf2 Rd8 18. Nxb3 Rd1 19. Ncd2 Nbd7 20. Rg1 Bc5+ 21. Nxc5 Nxc5 22. Bxa6 Nxa6 23. Rf1 Nh5 24. g3 f5 25. Ke2 Rxf1 26. Kxf1 Nc5 27. Ra3 Rd8 28. Ke2 fxe4 29. fxe4 Nf6 30. Rc3 Ne6 31. Nf3 Nxe4 32. Rxc2 N4c5 33. Be3 Nxa4 34. Rxc6 Re8 35. b4 Nb6 36. Kf2 Nd5 37. Bxa7 Nxb4 38. Rc3 1/2-1/2

[Event "ESP-chT CECLUB Honor"]
[Site "Leon"]
[Date "2012.11.09"]
[Round "5.3"]
[White "Perez Candelario, Manuel"]
[Black "Granados Gomez, Manuel"]
[Result "1/2-1/2"]
[WhiteElo "2579"]
[BlackElo "2374"]
[PlyCount "91"]
[EventDate "2012.11.05"]
[EventType "team-tourn"]
[EventRounds "7"]
[EventCountry "ESP"]
[SourceTitle "EXT 2013"]
[Source "ChessBase"]
[SourceDate "2012.11.22"]
[SourceVersion "1"]
[SourceVersionDate "2012.11.22"]
[SourceQuality "1"]
[WhiteTeam "Extremadura"]
[BlackTeam "Foment Martinenc"]
[WhiteTeamCountry "ESP"]
[BlackTeamCountry "ESP"]

1. d4 d5 2. c4 e6 3. Nf3 Nf6 4. g3 dxc4 5. Bg2 Nc6 6. 0-0 Rb8 7. Bg5 Be7 8. e3 0-0 9. Qc1 b5 10. Rd1 Bb7 11. Nbd2 Nb4 12. Bxf6 Bxf6 13. b3 c5 14. bxc4 cxd4 15. exd4 bxc4 16. Qxc4 Bd5 17. Qe2 Nxa2 18. Qe3 Nb4 19. Rxa7 Qb6 20. Qa3 Bxd4 21. Nxd4 Qxd4 22. Qa1 Qxa1 23. Rdxa1 g6 24. Bxd5 exd5 25. Nf3 Nc6 26. R7a3 Rfd8 27. Rc1 Rbc8 28. Kg2 Kf8 29. Rb3 h6 30. h4 h5 31. Rb6 Ne7 32. Rd1 Rc6 33. Rb7 d4 34. Rxd4 Rxd4 35. Nxd4 Rd6 36. Nf3 f6 37. Ng1 Kf7 38. Ne2 g5 39. Rc7 Ke6 40. hxg5 fxg5 41. Ng1 Kf6 42. Nf3 Nf5 43. Rc8 Rd5 44. Rc6+ Rd6 45. Rc5 g4 46. Nh4 1/2-1/2

[Event "ESP-chT CECLUB Honor"]
[Site "Leon"]
[Date "2012.11.08"]
[Round "4.3"]
[White "Granados Gomez, Manuel"]
[Black "Del Rio de Angelis, Salvador Gabriel"]
[Result "1/2-1/2"]
[WhiteElo "2374"]
[BlackElo "2484"]
[PlyCount "88"]
[EventDate "2012.11.05"]
[EventType "team-tourn"]
[EventRounds "7"]
[EventCountry "ESP"]
[SourceTitle "EXT 2013"]
[Source "ChessBase"]
[SourceDate "2012.11.22"]
[SourceVersion "1"]
[SourceVersionDate "2012.11.22"]
[SourceQuality "1"]
[WhiteTeam "Foment Martinenc"]
[BlackTeam "Sestao"]
[WhiteTeamCountry "ESP"]
[BlackTeamCountry "ESP"]

1. d4 e6 2. Nf3 f5 3. c4 Nf6 4. Nc3 Bb4 5. Bg5 0-0 6. Qb3 c5 7. dxc5 Na6 8. a3 Bxc3+ 9. Qxc3 Nxc5 10. Bxf6 Qxf6 11. Qxf6 gxf6 12. g3 b6 13. Bg2 Bb7 14. 0-0 Kf7 15. Nd2 Ke7 16. Bxb7 Nxb7 17. Rac1 Rac8 18. Rc3 Rc7 19. Rd3 Nd6 20. Rd4 e5 21. Rh4 Rf7 22. Rc1 Ke6 23. Rc3 b5 24. c5 Nb7 25. Rb4 a6 26. a4 Rxc5 27. Rxc5 Nxc5 28. axb5 axb5 29. Rxb5 d6 30. f3 Ra7 31. Kf2 Ra2 32. Nc4 Ra4 33. b4 Nd7 34. Rb7 Ra2 35. Ne3 Nf8 36. h4 h5 37. b5 Rb2 38. b6 Nd7 39. Nxf5 Kxf5 40. Rxd7 Rxb6 41. Rg7 d5 42. Rh7 Kg6 43. Rd7 d4 44. Rd8 Rb1 1/2-1/2

[Event "ESP-chT CECLUB Honor"]
[Site "Leon"]
[Date "2012.11.05"]
[Round "1.1"]
[White "Granados Gomez, Manuel"]
[Black "Fluvia Poyatos, Jordi"]
[Result "1/2-1/2"]
[WhiteElo "2374"]
[BlackElo "2467"]
[PlyCount "71"]
[EventDate "2012.11.05"]
[EventType "team-tourn"]
[EventRounds "7"]
[EventCountry "ESP"]
[SourceTitle "EXT 2013"]
[Source "ChessBase"]
[SourceDate "2012.11.22"]
[SourceVersion "1"]
[SourceVersionDate "2012.11.22"]
[SourceQuality "1"]
[WhiteTeam "Foment Martinenc"]
[BlackTeam "Barcelona Uga"]
[WhiteTeamCountry "ESP"]
[BlackTeamCountry "ESP"]

1. d4 Nf6 2. Nf3 g6 3. Bg5 Bg7 4. Nbd2 0-0 5. e4 d6 6. Be2 b6 7. 0-0 Bb7 8. Bd3 c5 9. c3 Nc6 10. d5 Ne5 11. Nxe5 dxe5 12. Qe2 Ne8 13. Ba6 Bxa6 14. Qxa6 Nd6 15. f3 h5 16. a4 Kh7 17. Nc4 Qc8 18. Qxc8 Rfxc8 19. Nxd6 exd6 20. Be7 Rc7 21. Bg5 Rb8 22. Be3 f5 23. Kf2 Bh6 24. Bxh6 Kxh6 25. b3 f4 26. h4 Rg7 27. Rh1 g5 28. hxg5+ Rxg5 29. Rh2 Kg6 30. Rah1 b5 31. a5 b4 32. c4 Rg8 33. Rh3 Kf6 34. R1h2 Rh8 35. Rh1 Ke7 36. R1h2 1/2-1/2

[Event "Catalunya-chT"]
[Site "Catalunya"]
[Date "2012.03.17"]
[Round "8.5"]
[White "Asis Gargatagli, Hipolito"]
[Black "Granados Gomez, Manuel"]
[Result "1-0"]
[WhiteElo "2462"]
[BlackElo "2366"]
[PlyCount "65"]
[EventDate "2012.01.28"]
[EventType "team-tourn"]
[EventRounds "11"]
[EventCountry "ESP"]
[SourceTitle "EXT 2013"]
[Source "ChessBase"]
[SourceDate "2012.11.22"]
[SourceVersion "1"]
[SourceVersionDate "2012.11.22"]
[SourceQuality "1"]
[WhiteTeam "Barcelona Uga"]
[BlackTeam "Foment Martinenc"]
[WhiteTeamCountry "ESP"]
[BlackTeamCountry "ESP"]

1. e4 e5 2. Nf3 Nc6 3. Bc4 Nf6 4. d3 Be7 5. 0-0 0-0 6. Bb3 d6 7. c3 Na5 8. Bc2 c5 9. a3 Nc6 10. b4 a6 11. Re1 h6 12. Nbd2 Re8 13. h3 Bf8 14. Nb3 cxb4 15. axb4 Bd7 16. Bd2 d5 17. exd5 Nxd5 18. Na5 Qc7 19. Bb3 Nf4 20. Nxc6 Bxc6 21. d4 exd4 22. Rxe8 Rxe8 23. Nxd4 Re4 24. Nxc6 Qxc6 25. Qf3 Bd6 26. b5 Qe8 27. bxa6 bxa6 28. Rxa6 Qe5 29. Ra8+ Bf8 30. g3 Ne6 31. Re8 Ng5 32. Bxf7+ Kh7 33. Bxg5 1-0

[Event "Catalunya-chT"]
[Site "Catalunya"]
[Date "2012.03.03"]
[Round "6.4"]
[White "Granados Gomez, Manuel"]
[Black "Bergez, Luc"]
[Result "1-0"]
[WhiteElo "2366"]
[BlackElo "2430"]
[PlyCount "61"]
[EventDate "2012.01.28"]
[EventType "team-tourn"]
[EventRounds "11"]
[EventCountry "ESP"]
[SourceTitle "EXT 2013"]
[Source "ChessBase"]
[SourceDate "2012.11.22"]
[SourceVersion "1"]
[SourceVersionDate "2012.11.22"]
[SourceQuality "1"]
[WhiteTeam "Foment Martinenc"]
[BlackTeam "Barbera"]
[WhiteTeamCountry "ESP"]
[BlackTeamCountry "ESP"]

1. c4 g6 2. g3 Bg7 3. Bg2 e5 4. Nc3 Ne7 5. e4 0-0 6. Nge2 d6 7. 0-0 Be6 8. d3 Nd7 9. h3 c6 10. Be3 a6 11. Qd2 b5 12. b3 b4 13. Na4 c5 14. Bh6 a5 15. Bxg7 Kxg7 16. f4 f6 17. f5 Bg8 18. g4 Nc6 19. h4 Nd4 20. Rf2 Nxe2+ 21. Rxe2 g5 22. Kf2 h6 23. Rh1 Bf7 24. Bf3 Nb8 25. Kg3 Be8 26. Reh2 Rh8 27. Nb6 Ra7 28. Nd5 Bf7 29. hxg5 fxg5 30. f6+ Kg6 31. Rxh6+ 1-0

[Event "Catalunya-chT"]
[Site "Catalunya"]
[Date "2012.02.04"]
[Round "2.6"]
[White "Granados Gomez, Manuel"]
[Black "Fernandez Cazorla, Antonio"]
[Result "0-1"]
[WhiteElo "2366"]
[BlackElo "2260"]
[PlyCount "108"]
[EventDate "2012.01.28"]
[EventType "team-tourn"]
[EventRounds "11"]
[EventCountry "ESP"]
[SourceTitle "EXT 2013"]
[Source "ChessBase"]
[SourceDate "2012.11.22"]
[SourceVersion "1"]
[SourceVersionDate "2012.11.22"]
[SourceQuality "1"]
[WhiteTeam "Foment Martinenc"]
[BlackTeam "Cerdanyola Valles"]
[WhiteTeamCountry "ESP"]
[BlackTeamCountry "ESP"]

1. d4 d5 2. Nf3 Nf6 3. e3 g6 4. Bd3 Bg7 5. 0-0 0-0 6. c4 c6 7. Nc3 a6 8. c5 Nbd7 9. b4 b6 10. cxb6 Qxb6 11. Bd2 Bb7 12. Na4 Qc7 13. Rc1 Ne4 14. Bxe4 dxe4 15. Ng5 e5 16. Nxe4 exd4 17. exd4 Rfe8 18. Nec5 Bxd4 19. Bc3 Bxc3 20. Qxd7 Qxd7 21. Nxd7 Bg7 22. Nab6 Ra7 23. Rfd1 a5 24. b5 cxb5 25. Rc7 Bf3 26. Rxa7 Bxd1 27. h3 a4 28. Nd5 Rd8 29. Rb7 Be2 30. Ne7+ Kh8 31. Nc6 Re8 32. Na7 a3 33. Nxb5 Bxb5 34. Rxb5 Re1+ 35. Kh2 Bb2 36. Nc5 Ra1 37. Nd3 Bf6 38. Ra5 Rxa2 39. Nb4 Rb2 40. Nd5 Be5+ 41. f4 Bd6 42. Kg3 a2 43. Kg4 Rxg2+ 44. Kf3 Rd2 45. Ne3 Rd3 46. Rxa2 Bc5 47. Ra8+ Kg7 48. Re8 Rxe3+ 49. Rxe3 Bxe3 50. Kxe3 Kf6 51. h4 Kf5 52. Kf3 f6 53. Kg3 Ke4 54. Kg4 h5+ 0-1